000 00695nam a2200241Ia 4500
003 OSt
005 20220918165902.0
006 a|||||r|||| 00| 0
007 ta
008 220917b |||||||| |||| 00| 0 eng d
020 _a8177551116 (hbk)
024 _a160,753
037 _cTextual
040 _aARTS
_cARTS
_beng
041 _2eng
_aeng
082 _aQ1:(H), P1 (P15)
100 _aPavgee Narayana Bhavanrao
_925930
245 0 _aThe vedic fathers of geology Narayana Bhavanrao Pavgee
260 _aNew Delhi
_bCosmo Publicatons
_c2001
300 _ax, 182p.
_ccm.
942 _hQ1:(H), P1 (P15)
_cTEXL
_2CC
999 _c131540
_d131540